Chuyện khảo về Huế
Gespeichert in:
| 1. Verfasser: | |
|---|---|
| Format: | Buch |
| Sprache: | Undetermined |
| Veröffentlicht: |
Thành phố Hồ Chí Minh
Trẻ
2000
|
| Schlagworte: | |
| Tags: |
Tag hinzufügen
Keine Tags, Fügen Sie den ersten Tag hinzu!
|
| Thư viện lưu trữ: | Trung tâm Học liệu Trường Đại học Cần Thơ |
|---|
| LEADER | 00549nam a2200193Ia 4500 | ||
|---|---|---|---|
| 001 | CTU_36822 | ||
| 008 | 210402s9999 xx 000 0 und d | ||
| 020 | |c 22000 | ||
| 082 | |a 895.9223 | ||
| 082 | |b Đ406 | ||
| 100 | |a Trần, Kiêm Đoàn | ||
| 245 | 0 | |a Chuyện khảo về Huế | |
| 245 | 0 | |c Trần Kiêm Đoàn | |
| 260 | |a Thành phố Hồ Chí Minh | ||
| 260 | |b Trẻ | ||
| 260 | |c 2000 | ||
| 650 | |a Vietnamese fiction | ||
| 904 | |i Q. Hiếu (sửa) | ||
| 980 | |a Trung tâm Học liệu Trường Đại học Cần Thơ | ||